| 000 | 01344nam a2200253Ia 4500 | ||
|---|---|---|---|
| 003 | OSt | ||
| 005 | 20210513142556.0 | ||
| 008 | 210310s2011 ck abgogr 000 0 spa d | ||
| 020 | _a9781597821391 | ||
| 040 |
_aCO-JCMR _cCO-JCMR |
||
| 041 | 0 | _aspa | |
| 082 | 0 | 4 |
_a330.9805 / _bB153d _223 |
| 100 | 1 |
_aMoreno, Luis Alberto, _eautor _96935 |
|
| 245 | 1 | 3 |
_aLa década de América Latina y el Caribe : _buna oportunidad real / _cLuis Alberto Moreno |
| 250 | _aSegunda edición | ||
| 260 |
_aCali, Colombia : _bBanco Interamericano de Desarrollo, _c2011. |
||
| 300 |
_a161 páginas : _bilustraciones, mapas, gráficos y fotografías a color ; _c23 cm. |
||
| 504 | _aBibliografía: páginas 153-157 | ||
| 505 | 0 | _aUna economía regional. -- Las mejoras sociales: entre luces y sombras. -- El progreso institucional: Una revolución silenciosa. -- Las nuevas realidades. -- Los retos que persisten. -- El Banco que la religión necesita. | |
| 520 | _aEl libro de Luis Alberto Moreno nos aporta información actualizada r inteligentes sugerencias para reflexionar, tanto sobre la trayectoria recorrida por los países de la región, como Acerca de la proyección que es posible formular para los tiempos que vendrán. | ||
| 650 | 1 | 4 |
_aCondiciones económicas _ysiglo XXI _937616 |
| 650 | 2 | 4 |
_aPolítica y gobierno. _937617 |
| 942 |
_2ddc _cBK |
||
| 999 |
_c11717 _d11717 |
||